000
00322nam a22001337a 4500
008
180223b xxu||||| |||| 00| 0 eng d
020
_a
9780880484633
041
_a
eng
080
_a
616.8 HAL
100
_a
7
101
_a
NEU
245
_a
Multiple sclerosis a neuropsychiatric disorder
_c
Halbreich,U
942
_2
udc
_c
BK
999
_c
43327
_d
43327